000239178 001__ 239178
000239178 005__ 20210922173045.0
000239178 0247_ $$2GEPRIS$$aG:(GEPRIS)5312246$$d5312246
000239178 0247_ $$2Dimensions$$aG:(Dimensions)grant..4765729$$dgrant.4765729
000239178 035__ $$aG:(GEPRIS)5312246
000239178 150__ $$aNonequilibrium dynamics of stochastic many-body.$$y2001-01-01 - 2005-12-31
000239178 5101_ $$0I:(DE-588b)2007744-0 $$aGerman Research Foundation$$bDFG
000239178 680__ $$aDie Untersuchung des Nichtgleichgewichtsverhaltens stochastischer niedrigdimensionaler Vielteilchensysteme anhand von Gittergasmodellen soll einerseits darüber Aufschluß geben, wie sich kollektive Phänomene, insbesondere Schocks und spontane Symmetriebrec
000239178 909CO $$ooai:juser.fz-juelich.de:895033$$pauthority$$pauthority:GRANT
000239178 909CO $$ooai:juser.fz-juelich.de:895033
000239178 980__ $$aG
000239178 980__ $$aAUTHORITY